000
00311nam a22001337a 4500
008
250514b |||||||| |||| 00| 0 eng d
020
_a
0761949941
050
_a
HD96
_b
.F73
100
_a
Francis Cranny Anne
245
_a
Multimedia
260
_a
London
_b
Sage Publication
_c
2005
300
_a
190p.
942
_c
BK
999
_c
3485
_d
3485